000 01324cam a2200409 a 4500
001 60535
005 20230410142348.0
008 851215s1984 sp b f001 0 spa
010 _a 85181430
035 _a(OCoLC)ocm12285221
040 _aDLC
_cDLC
_dPL#
_dNLGGC
020 _a8400057090
020 _a9788400057091
029 1 _aNLGGC
_b850928605
029 1 _aAU@
_b000003928990
035 _a(OCoLC)12285221
043 _ae-sp---
050 1 4 _aBX1735
_b.M385h 1984
082 0 0 _a262/.13
_219
049 _aGRAL
100 1 _aMartínez Millán, José.
245 1 3 _aLa hacienda de la Inquisición, 1478-1700 /
_cJosé Martínez Millán.
260 _aMadrid :
_bInstituto Enrique Florez, Consejo Superior de Investigaciones Cientificas,
_c1984.
300 _axxiv, 404 p. ;
_c24 cm.
440 0 _aMonografias de historia eclesiastica ;
_vvol. 14
504 _aBibliography: p. [387]-398.
500 _aIncludes indexes.
650 0 _aInquisition
_zSpain
_xFinance.
653 _aInquisicion
_aEspaña
_aFinanzas.
650 1 7 _aInquisitie.
_2gtt
650 1 7 _aFinancièen.
_2gtt
938 _aPuvill Libros
_bPUVL
_n8400057090
_c$16.06
856 4 2 _3Mas?... busque en WorldCat (solo desde FUNGLODE)
_uwww.firstsearch.oclc.org/fsip
942 _2lcc
_cbk
946 _amfcruz
994 _aC0
_bDRFGD
999 _c94300
_d94300